| 000 | 00354cam a22001217a 4500 | ||
|---|---|---|---|
| 008 | 180718b1957 xxu||||| |||| 00| 0 eng d | ||
| 082 | _aA75 B489G | ||
| 100 | _aRoy Chaudhury, P.C. | ||
| 245 |
_aBihar district gazetteers: Gaya _cby P.C. Roy Chaudhury |
||
| 260 |
_aPatna _bBihar District Gazetteers _c1957 |
||
| 300 | _a370+p. | ||
| 650 | _aGaya - Gazetteers | ||
| 999 |
_c387890 _d387890 |
||